000
00278nam a22001217a 4500
020
_a
978 93 91934 46 0
082
_a
811.214.21
_b
RED
100
_a
REDDY, Meda Mastan
245
_a
Sparsha (Hindi)
260
_c
2022
_a
Hyderabad
_b
Geeta Prakashan
300
_a
198p.
942
_c
BK
999
_c
74968
_d
74968